00467 a2200169 450000100060000002000150000604000220002110000210004324000310006424500260009530000080012136200090012965000230013894200070016195201120016899900170028056796 a8508030215 cAnchieta - Pituba aIacocca, Liliana10aPara Felipe e Rolemanlpor10aPara Felipe e Roleman a1110 a1999 4aLiteratura juvenil cBK 00104070a91.1b91.1d2023-11-21l0oLJ 028.5 I11p IAC PARp6453/PITr2023-11-21 18:24:20w2023-11-21yBK c56796d56796